000 00610nam a2200205Ia 4500
005 20250508151303.0
008 008 250505s9999 xx 000 0 eng d
037 _aTextual
040 _aFEDL
_beng
_cFEDL
041 _aeng
_2eng
084 _a371.394, JON
_qFEDL
100 _aJones Arthur J.
245 0 _aPrinciples of unit construction
260 _aNew York, USA
_bMcGraw-Hill Book Company
_c1939
300 _ax,232p.
490 _aMcGraw-Hill in education
700 _a Grizzell E. D. Grinstead Wren Jones
_9758787
942 _cTEXL
_h371.394, JON
999 _c1328847
_d1328847